000 00892nam0a22002891 4500
001 RU\NLR\INFOCOMM_46\5000721116
005 20250613100639.0
010 _972000 экз.
_d2 р. 50 к.
035 _a(NLR Aleph) 009353807
090 _a7819045
_c7819045
100 _a20101119d1953 |||y0rusy50 ca
101 0 _afre
102 _aRU
105 _aa ||||000|y
200 1 _aLe canal Lénine de navigation de la Volga au Don
210 _aM.
_cEd. en langues étrangères
_d1953
215 _a40 с., 14 л. ил.
_cил.
_d21 см
300 _aНа обл. авт. не указан
300 _aНа обл. загл.: La canal Volga-Don
512 1 _aLa canal Volga-Don
686 _aЭ6-300
_2rubbk
700 1 _aGalaktionov
_bV. D.
_gVasilij Dimitrievič
_4070
801 1 _aRU
_bNLR
_c20101119
801 0 _aRU
_bNLR
_gPSBO
852 _aNLR
_jЭк61 Г-4/50
942 _cBOOK
980 _aNB